| 000 | 00776nam a2200205 i 4500 | ||
|---|---|---|---|
| 001 | 163535 | ||
| 003 | ES-MaACL | ||
| 005 | 20240410063035.0 | ||
| 008 | 050713s1899 fr | |||||||| ||fre d | ||
| 040 |
_aCAM _bspa _cCAM |
||
| 100 | 1 |
_aRimbaud, Arthur, _d1854-1891 _997237 |
|
| 245 | 1 | 0 |
_aLettres de Jean-Arthur Rimbaud _b: Egypte, Arabie, Ethiopie / _cavec une introduction et des notes par Paterne Berrichon. |
| 250 | _a2e éd. | ||
| 260 |
_aParis : _bSociété du Mercure de France, _c1899 ( _ePoitiers : _fBlais et Roy) |
||
| 300 |
_a271 p., [1] h. de lám. ; _c19 cm. |
||
| 599 | _aLa h. de lám. es un facsimil de una carta de Ménélick a Rimbaud. | ||
| 700 | 0 |
_aBerrichon, Paterne. _928376 |
|
| 852 |
_aES-MaACL _jF-7912 |
||
| 999 |
_c163535 _d163535 |
||